Continuity of college attendance, (Record no. 21564)

MARC details
000 -LEADER
fixed length control field 01344cam a22002771i 4500
001 - CONTROL NUMBER
control field e 37000407
003 - CONTROL NUMBER IDENTIFIER
control field DLC
005 - DATE AND TIME OF LATEST TRANSACTION
control field 20260227111227.0
008 - FIXED-LENGTH DATA ELEMENTS--GENERAL INFORMATION
fixed length control field 800919s1937 dcua f000 0 eng c
010 ## - LIBRARY OF CONGRESS CONTROL NUMBER
LC control number e 37000407
035 ## - SYSTEM CONTROL NUMBER
System control number (OCoLC)6729343
040 ## - CATALOGING SOURCE
Original cataloging agency U. S. Off. of Educ. Library
Transcribing agency ViBlbV
Modifying agency ViBlbV
-- OCoLC
-- DLC
042 ## - AUTHENTICATION CODE
Authentication code premarc
050 00 - LIBRARY OF CONGRESS CALL NUMBER
Classification number L111
Item number .A6 1937, no. 24
051 ## - LIBRARY OF CONGRESS COPY, ISSUE, OFFPRINT STATEMENT
Classification number LC143
Item number .K4
100 1# - MAIN ENTRY--PERSONAL NAME
Personal name Kelly, Frederick James,
Dates associated with a name 1880-1959.
245 10 - TITLE STATEMENT
Title Continuity of college attendance,
Statement of responsibility, etc. by Fred J. Kelly, chief of the division of higher education. United States Department of the Interior, Harold L. Ickes, secretary. Office of Education, J. W. Studebaker, commissioner of education.
260 ## - PUBLICATION, DISTRIBUTION, ETC.
Place of publication, distribution, etc. Washington,
Name of publisher, distributor, etc. U.S. Govt. Print. Off.,
Date of publication, distribution, etc. 1937.
300 ## - PHYSICAL DESCRIPTION
Extent iii, 24 p.
Other physical details incl. tables.
Dimensions 23 cm.
410 10 - SERIES STATEMENT/ADDED ENTRY--CORPORATE NAME [OBSOLETE, CAN/MARC], [LOCAL, USA]
Corporate name or jurisdiction name as entry element United States.
Subordinate unit Office of Education.
Title of a work Bulletin,
Volume number/sequential designation 1937, no. 24
501 ## - WITH NOTE
With note Copies 1 and 2 of L111.A6 with: Opportunities for the preparation of teachers of exceptional children / Elise H. Martens. Washington : U. S. Govt. Print. Off., 1938. Bound together subsequent to publication.
Institution to which field applies DLC
504 ## - BIBLIOGRAPHY, ETC. NOTE
Bibliography, etc. note Bibliography: p. 21-24.
650 #0 - SUBJECT ADDED ENTRY--TOPICAL TERM
Topical term or geographic name entry element Universities and colleges
Geographic subdivision United States
Form subdivision Statistics.
650 #0 - SUBJECT ADDED ENTRY--TOPICAL TERM
Topical term or geographic name entry element Universities and colleges
Geographic subdivision United States
General subdivision Administration.
650 #0 - SUBJECT ADDED ENTRY--TOPICAL TERM
Topical term or geographic name entry element Students
Geographic subdivision United States.

No items available.

Powered by Koha